Regional assessment of land cover in North Africa during the 20th century : combining recent global remote sensing products and historical maps

The Mediterranean basin has been exploited for crops and pastures for centuries, and drastic economical changes have occurred during the 20th century, with world wars, colonization of the southern bound of the basin, and the European collapse of traditional agriculture in the Mediterranean region. L...

Full description

Saved in:
Bibliographic Details
Main Author: Menage, Florence
Corporate Authors: Πανεπιστήμιο Αιγαίου Ελληνογαλλικό Πρόγραμμα Μεταπτυχιακών Σπουδών Διατήρηση της Βιοποικιλότητας Σχολή Περιβάλλοντος, Universite des sciences et techniques du Languedoc
Other Authors: Mouillot, Florent (Editor)
Format: Thesis Book
Language:English
Published: 2009.
Subjects:
Online Access:http://hdl.handle.net/11610/11681
Tags: Add Tag
No Tags, Be the first to tag this record!

MARC

LEADER 00000cam a2200000 i 4500
001 1/10152
008 100903s2009 eng d
035 |l 10108907 
040 |a GR-MY-UA  |b gre  |e aacr 
041 0 |a eng 
082 0 |a 577  |2 (22) 
100 1 |a Menage, Florence. 
245 1 0 |a Regional assessment of land cover in North Africa during the 20th century :   |b combining recent global remote sensing products and historical maps /   |c Menage Florence ; thesis supervisor: Florent Mouillot.  
260 |c 2009.  
300 |a 30 σ. :   |b πιν. ;   |c 30 εκ.  
502 |a Διατριβή (μεταπτυχιακή) – Πανεπιστήμιο Αιγαίου, Λέσβος, 2009. 
504 |a Βιβλιογραφία: σ. 24-28.  
506 1 |a Ηλεκτρονική διάθεση μόνο λέξεων κλειδιών - περιλήψεων.  
520 8 |a The Mediterranean basin has been exploited for crops and pastures for centuries, and drastic economical changes have occurred during the 20th century, with world wars, colonization of the southern bound of the basin, and the European collapse of traditional agriculture in the Mediterranean region. Landscape cover changes on the northern side of the Mediterranean have been well documented. We propose here to fulfil the gap of knowledge on land cover at the regional scale covering the whole Northern Africa, based on the comparison of early and late 20th century data. Historical analysis relies on topographical maps, compared to remote sensing products. We use 4 different products (FRA, GLC, UMD, IGBP) crossed with tree-cover of UMD-GLCF for assessing accurate spatialized vegetation pattern. Assessment and validation are obtained by control points on local national forest inventories. We suggest a methodology for producing an accurate land cover map from global datasets; comparison and crossing of different datasets is essential for obtaining accurate land-cover classification of Mediterranean type ecosystems. Result analysis shows degradation of the southern Mediterranean vegetation over the region, with deforestation dynamic being higher than reforestation during the last 50 years. Positive dynamics occur near coastline where population density is high while the southern bound seems to suffer from dry conditions, which will have to be explored more precisely 
650 0 0 |a Ecological mapping. 
650 0 0 |a Mediterranean-type ecosystems  |z Mediterranean Region. 
650 0 0 |a Ecology  |z Mediterranean Region. 
650 0 0 |a Landscape changes  |z Mediterranean Region. 
650 0 0 |a Dissertations, Academic  |z Greece. 
700 1 |a Mouillot, Florent,  |e edt 
710 2 |a Πανεπιστήμιο Αιγαίου Ελληνογαλλικό Πρόγραμμα Μεταπτυχιακών Σπουδών Διατήρηση της Βιοποικιλότητας  |b Σχολή Περιβάλλοντος. 
710 2 |a Universite des sciences et techniques du Languedoc. 
852 |a INST  |b LESVOS  |c DIATR  |e 20100903  |h 21  |p 005100048539  |q 005100048539  |t MTXE  |y 23 
852 |a INST  |b LESVOS  |c DIATR  |e 20100903  |h 22  |p 005100048540  |q 005100048540  |t MTXE  |y 23 
856 |u http://hdl.handle.net/11610/11681 
901 |a BIBL1-2010-3 
909 |a Λ  |b 166498 
909 |a Λ  |b 166499 
924 |a MOUILLOT  |b FLORENT  |y ΛΕΣΒΟΣ  |z 2009-12 
970 |a ΤΖΑΦΕΡΗ  |b ΕΥΑΓΓΕΛΙΑ  |z 2010/09/03